000 00684nam a2200217Ii 4500
003 JO-AjNU
008 230605s9999||||xx |||||||||||||| ||und||
017 _a97/11648
020 _a977-5040-75-2
040 _aJO-AjNU
_bara
_erda
_cJO-AjNU
041 _aara
050 1 4 _aKRM1160.2.M3434.1998
100 3 _a محجوب ، حسناء محمود ,
_eauthor
_97657
245 0 0 _aالرقابة على الإنتاج الفكرى في مصر منذ ظهورها حتى الآن
250 _aط1
264 3 1 _aالقاهرة : العربى ، 1998
300 _a181ص
336 _atext
_btxt
_2rdacontent
337 _aunmediated
_bn
_2rdamedia
338 _avolume
_bnc
_2rdacarrier
999 _aA391
_c3959
_d3959